Normal view
MARC view
- Aarts,Bas تأليف/Mcmahon,April م.مشارك
Entry Personal Name
001 - CONTROL NUMBER
- control field: 2254
003 - CONTROL NUMBER IDENTIFIER
- control field: JO-AjAnu
005 - DATE AND TIME OF LATEST TRANSACTION
- control field: 20230606070655.0
008 - FIXED-LENGTH DATA ELEMENTS
- fixed length control field: 230606|| aca||aabn | a|a d
040 ## - CATALOGING SOURCE
- Original cataloging agency: JO-AjAnu
- Transcribing agency: JO-AjAnu
100 ## - HEADING--PERSONAL NAME
- Personal name: Aarts,Bas تأليف/Mcmahon,April م.مشارك
670 ## - SOURCE DATA FOUND
- Source citation: Work cat.: (JO-AjAnu)1180: Aarts,Bas تأليف/Mcmahon,April م.مشارك, author, The Handbook Of English Linguistics